[Event "GEO World Cup Final U08"]
[Site "Batumi"]
[Date "2024.07.01"]
[Round "1"]
[White "Kapelinsky, Amos"]
[Black "Baranov, Prokhor"]
[Result "0-1"]
[WhiteElo "1470"]
[BlackElo "1550"]
[PlyCount "100"]
[EventDate "2024.07.01"]
[EventType "match"]
[EventRounds "5"]
[EventCountry "GEO"]
[SourceTitle "EXT 2025"]
[Source "ChessBase"]
[SourceDate "2024.10.14"]
[SourceVersion "1"]
[SourceVersionDate "2024.10.14"]
[SourceQuality "1"]

1. e4 c6 2. d4 d5 3. exd5 cxd5 4. Bd3 Nc6 5. c3 Nf6 6. h3 g6 7. Nf3 Bf5 8. Ne5 Bg7 9. Bxf5 gxf5 10. Bg5 Ne4 11. Bf4 0-0 12. Nd2 Nxe5 13. dxe5 Qc7 14. Qh5 Nxd2 15. Kxd2 Qb6 16. Qxf5 Qxb2+ 17. Qc2 Qxc2+ 18. Kxc2 Rac8 19. Rab1 b6 20. Rhd1 Rfd8 21. Rb4 Rc6 22. Rbd4 e6 23. Bg5 Rdc8 24. Rg4 Rxc3+ 25. Kb1 h5 26. Rh4 Bxe5 27. Rxh5 Rc2 28. Bc1 Bg7 29. Rg5 f5 30. g4 fxg4 31. Rxg4 Kf8 32. Ba3+ Kf7 33. Rdg1 Bf6 34. Ra4 a5 35. Rf4 R8c4 36. Rf3 R4c3 37. Rgg3 b5 38. Rxf6+ Kxf6 39. Rxc3 Rxc3 40. Bb2 d4 41. Bxc3 dxc3 42. Kc2 b4 43. Kd3 Kg5 44. a3 Kh4 45. axb4 axb4 46. Kc2 Kxh3 47. f4 Kg4 48. f5 exf5 49. Kc1 f4 50. Kc2 f3 0-1

[Event "GEO World Cup-A U08"]
[Site "Batumi"]
[Date "2024.06.28"]
[Round "6"]
[White "Baranov, Prokhor"]
[Black "Elemes, Nurmukhamed"]
[Result "0-1"]
[WhiteElo "1509"]
[BlackElo "1570"]
[PlyCount "120"]
[EventDate "2024.06.23"]
[EventType "swiss"]
[EventRounds "7"]
[EventCountry "GEO"]
[SourceTitle "EXT 2025"]
[Source "ChessBase"]
[SourceDate "2024.10.14"]
[SourceVersion "1"]
[SourceVersionDate "2024.10.14"]
[SourceQuality "1"]

1. Nf3 Nf6 2. g3 b6 3. Bg2 Bb7 4. 0-0 c5 5. c4 e6 6. b3 Be7 7. Bb2 d6 8. Nc3 a6 9. e3 Nbd7 10. d4 cxd4 11. exd4 0-0 12. Re1 Rc8 13. Rc1 d5 14. Ne5 Re8 15. cxd5 Nxd5 16. Nxd5 exd5 17. Rxc8 Qxc8 18. Bh3 Bb4 19. Bxd7 Qxd7 20. Nxd7 Rxe1+ 21. Qxe1 Bxe1 22. Nxb6 Bc6 23. Nc8 Bb4 24. a3 Bf8 25. a4 Bb4 26. Bc3 Bxc3 27. Ne7+ Kf8 28. Nxc6 Ke8 29. b4 Kd7 30. b5 axb5 31. axb5 Kc7 32. Ne7 Bxd4 33. Nxd5+ Kd6 34. Ne3 Kc5 35. Kg2 Kxb5 36. Nf5 Kc5 37. Nxd4 Kxd4 38. Kf3 Kd3 39. Kg4 Ke2 40. f4 Kf2 41. f5 Kg2 42. h4 h5+ 43. Kf4 f6 44. g4 Kh3 45. g5 Kxh4 46. g6 Kh3 47. Kf3 h4 48. Ke4 Kg4 49. Ke3 Kg3 50. Ke4 h3 51. Kd5 h2 52. Ke6 h1Q 53. Kf7 Qb7+ 54. Kg8 Kf4 55. Kh8 Kxf5 56. Kh7 Kg5 57. Kg8 Qe7 58. Kh7 Kh5 59. Kg8 Kh6 60. Kh8 Qf8# 0-1

[Event "GEO World Cup-A U08"]
[Site "Batumi"]
[Date "2024.06.25"]
[Round "3"]
[White "Baranov, Prokhor"]
[Black "Ulan, Rizat"]
[Result "0-1"]
[WhiteElo "1509"]
[BlackElo "1733"]
[PlyCount "38"]
[EventDate "2024.06.23"]
[EventType "swiss"]
[EventRounds "7"]
[EventCountry "GEO"]
[SourceTitle "EXT 2025"]
[Source "ChessBase"]
[SourceDate "2024.10.14"]
[SourceVersion "1"]
[SourceVersionDate "2024.10.14"]
[SourceQuality "1"]

1. Nf3 Nf6 2. g3 g6 3. b3 Bg7 4. Bb2 d6 5. d4 c5 6. dxc5 Qa5+ 7. Qd2 Qxc5 8. c4 Ne4 9. Qc2 Qxf2+ 10. Kd1 Bxb2 11. Qxb2 0-0 12. Nc3 Bf5 13. Nd5 Nc6 14. b4 e6 15. Nf6+ Nxf6 16. Qxf6 Nxb4 17. h4 Qe3 18. h5 Bc2+ 19. Ke1 Nd3# 0-1